Az Orosházi Állami Gazdaság gyepes területének értékelése, a hozamnövelés lehetősége
Elmentve itt :
| Szerző: | |
|---|---|
| További közreműködők: | |
| Dokumentumtípus: | Szakdolgozat |
| Megjelent: |
1979
|
| Kulcsszavak: | Gyeptermesztés Gyepgazdálkodás Orosháza |
| Tárgyszavak: | |
| Online Access: | http://diploma.bibl.u-szeged.hu/98365 |
| LEADER | 00778nta a2200229 i 4500 | ||
|---|---|---|---|
| 001 | dipl98365 | ||
| 005 | 20220114142954.0 | ||
| 008 | 220114s1979 hu om 0|| hun d | ||
| 040 | |a SZTE Diploma Repozitórium |b hun | ||
| 041 | |a hun | ||
| 100 | 1 | |a Petrányi Imre | |
| 245 | 1 | 3 | |a Az Orosházi Állami Gazdaság gyepes területének értékelése, a hozamnövelés lehetősége |h [elektronikus dokumentum] / |c Imre Petrányi |
| 260 | |c 1979 | ||
| 300 | |a 34 | ||
| 650 | 4 | |a Agrár | |
| 650 | 4 | |a Agricultural sciences | |
| 650 | 4 | |a Agriculture, forestry and fisheries | |
| 695 | |a Gyeptermesztés | ||
| 695 | |a Gyepgazdálkodás | ||
| 695 | |a Orosháza | ||
| 700 | 1 | |a Mucsi József |e ths | |
| 856 | 4 | 0 | |u http://diploma.bibl.u-szeged.hu/id/eprint/98365/1/1979_petranyi_imre.pdf |z Dokumentum-elérés |